000 004910000a22001090004500
245 1 0 _aThe kingdom of God and the Church
300 _aVol.57, núm.2 (2007), Páginas 167-182
520 _a1. Jesús, el Reino y la Iglesia, 2. Celebrando el Reino en la alabanza, 3. Testificando al reino en palabra y en hecho 4. El reino de Dios como un principio de acción, 5. Profundizando en nuestro entendimiento común de la Iglesia
650 1 4 _aREINO DE DIOS
773 0 _tReformed World
942 _cANA
999 _c62685
_d62685